00914 a2200169 45000010006000000050017000060080041000230030015000640400040000790800046001192450028001652500012001932640041002053000019002465050451002651000028007165674120260407155831.0260407a1966 arg spa dAR-UNSa-BCEJYS aAR-UNSa-BCEJYSbspacAR-UNSa-BCEJYS a101xNaturaleza y papel de la filosofía10a¿Qué es Filosofía? a5a. ed. 1aMadrid :bRevista de Occidentec1966 a264 p.c18 cm. a1. La filosofía, hoy – 2. Reducción y expansión de la filosofía – 3. El “tema de nuestro tiempo” – 4. Conocimiento del universo o multiverso – 5. La necesidad de la filosofía – 6. Creencia y teoría; jovialidad – 7. Los datos del universo – 8. El descubrimiento de la subjetividad – 9. El tema de nuestro tiempo – 10. Una realidad nueva y una nueva idea de la realidad – 11. La realidad radical es nuestra vida 1 aOrtega y Gasset, José